| 000 | 00831nam a2200325 4500 | ||
|---|---|---|---|
| 001 | |||
| 003 | DO-SdBNP | ||
| 005 | 20240305090153.0 | ||
| 007 | 000008911 | ||
| 008 | 090921s12003 sp 000 0 spa d | ||
| 020 | _a8497644387 | ||
| 040 |
_aBPMSU _bspa _cBPMSU |
||
| 082 | 4 |
_a909 _bW918e 2003 _222 |
|
| 100 | 1 |
_aWoots, Jeremy Taylor. _d |
|
| 245 | 1 | 0 |
_aEnigmas de la historia / _cJeremy Taylor Woots. |
| 260 |
_aMadrid : _bEditmat Libros, _c2003 |
||
| 300 |
_a189 p. ; _c21 cm. |
||
| 490 | 0 | _aEnigmas de la historia | |
| 500 | _a | ||
| 500 | _a | ||
| 504 | _a | ||
| 505 | 1 | _a | |
| 590 | _aInventariado, 2024/VM | ||
| 650 | 4 |
_a _x |
|
| 650 | 4 | _aEnigmas de la historia | |
| 650 | 4 |
_aHistoria _xCuriosidades y enigmas. |
|
| 830 | 0 |
_a _v |
|
| 910 | _aVMateo V. Control de calidad BPMSU | ||
| 942 |
_2ddc _cBK |
||
| 999 |
_c13111 _d13111 |
||